000 00579nam a22002057a 4500
003 KOHA_MİRAKIL
005 20260416062135.0
008 260415b tu ||||| |||| 00| 0 tur d
020 _a9789755339597
040 _aTR-AnABB
_btur
_cTR-AnABB
041 _atur
082 _a922.97
_b ERB 2021
100 1 _aErbay, Yusuf
245 1 0 _aGerçeğin efsanesi insan Bedrettin /
_cYusuf Erbay
260 _aAnkara :
_bİmge Kitabevi,
_c2021
300 _a192 sayfa ;
_c20 cm
650 0 4 _aBiyografi, Sufiler
900 _bCan ÇELIK
942 _2ddc
_cBK
999 _c10272
_d10272